Loading...
History - European History | 0 | 5 | 0 | 1 | 50 | 83 | 111.20 | 1 | 1 |
Geography | 0 | 3 | 0 | 1 | 30 | 14 | 82.33 | 1 | 1 |
Other Academic | 0 | 3 | 1 | 1 | 25 | 105 | 118.33 | 1 | 1 |
History - Other History | 0 | 2 | 0 | 0 | 20 | 64 | 71.50 | 1 | 1 |
History - World History | 0 | 3 | 3 | 1 | 15 | 59 | 106.67 | 1 | 1 |
Literature - World Literature | 0 | 1 | 0 | 0 | 10 | 93 | 93.00 | 0 | 0 |
Science - Other Science | 0 | 1 | 0 | 0 | 10 | 138 | 138.00 | 0 | 0 |
Fine Arts - Classical Music | 0 | 1 | 0 | 1 | 10 | 144 | 144.00 | 0 | 0 |
History - American History | 0 | 1 | 0 | 1 | 10 | 141 | 141.00 | 0 | 0 |
Literature - American Literature | 0 | 1 | 0 | 0 | 10 | 123 | 123.00 | 0 | 0 |
Literature - British Literature | 0 | 1 | 0 | 0 | 10 | 73 | 73.00 | 0 | 1 |
Current Events | 0 | 1 | 0 | 0 | 10 | 104 | 104.00 | 0 | 0 |
Religion | 0 | 1 | 0 | 1 | 10 | 145 | 145.00 | 0 | 0 |
Fine Arts - Painting & Sculpture | 0 | 1 | 1 | 0 | 5 | 119 | 119.00 | 1 | 1 |